<?xml version="1.0" encoding="UTF-8"?>
<record
    xmlns:xsi="http://www.w3.org/2001/XMLSchema-instance"
    xsi:schemaLocation="http://www.loc.gov/MARC21/slim http://www.loc.gov/standards/marcxml/schema/MARC21slim.xsd"
    xmlns="http://www.loc.gov/MARC21/slim">

  <leader>00477nam a2200181Ia 4500</leader>
  <controlfield tag="008">230711s9999||||xx |||||||||||||| ||und||</controlfield>
  <datafield tag="020" ind1=" " ind2=" ">
    <subfield code="a">978-0-19-945415-7</subfield>
  </datafield>
  <datafield tag="041" ind1=" " ind2=" ">
    <subfield code="a">ENG</subfield>
  </datafield>
  <datafield tag="082" ind1=" " ind2=" ">
    <subfield code="a">621.8</subfield>
    <subfield code="b">UI-T</subfield>
  </datafield>
  <datafield tag="100" ind1=" " ind2=" ">
    <subfield code="a">Uicker, John J</subfield>
  </datafield>
  <datafield tag="245" ind1=" " ind2="0">
    <subfield code="a">Theory of machines and mechanisms</subfield>
  </datafield>
  <datafield tag="250" ind1=" " ind2=" ">
    <subfield code="a">1st . Ed.</subfield>
  </datafield>
  <datafield tag="260" ind1=" " ind2=" ">
    <subfield code="c">2011</subfield>
    <subfield code="a">New Delhi</subfield>
    <subfield code="b">Oxford &amp; IBH Publishing Co.Pvt.Ltd.</subfield>
  </datafield>
  <datafield tag="300" ind1=" " ind2=" ">
    <subfield code="a">772p.</subfield>
  </datafield>
  <datafield tag="650" ind1=" " ind2=" ">
    <subfield code="a">Mechanical Engineering</subfield>
  </datafield>
  <datafield tag="700" ind1=" " ind2=" ">
    <subfield code="a">Pennock,Gorden R</subfield>
  </datafield>
  <datafield tag="942" ind1=" " ind2=" ">
    <subfield code="c">BK</subfield>
  </datafield>
  <datafield tag="952" ind1=" " ind2=" ">
    <subfield code="0">0</subfield>
    <subfield code="1">0</subfield>
    <subfield code="4">0</subfield>
    <subfield code="7">0</subfield>
    <subfield code="8">C</subfield>
    <subfield code="a">MCL</subfield>
    <subfield code="b">MCL</subfield>
    <subfield code="d">0000-00-00</subfield>
    <subfield code="g">625.00</subfield>
    <subfield code="i">742483</subfield>
    <subfield code="l">0</subfield>
    <subfield code="o">621.8 UI-T</subfield>
    <subfield code="p">31705</subfield>
    <subfield code="r">2023-08-17 14:05:08</subfield>
    <subfield code="w">2023-08-17</subfield>
    <subfield code="y">BK</subfield>
  </datafield>
  <datafield tag="952" ind1=" " ind2=" ">
    <subfield code="0">0</subfield>
    <subfield code="1">0</subfield>
    <subfield code="4">0</subfield>
    <subfield code="7">0</subfield>
    <subfield code="8">C</subfield>
    <subfield code="a">MCL</subfield>
    <subfield code="b">MCL</subfield>
    <subfield code="d">0000-00-00</subfield>
    <subfield code="g">625.00</subfield>
    <subfield code="i">742483</subfield>
    <subfield code="l">0</subfield>
    <subfield code="o">621.8 UI-T</subfield>
    <subfield code="p">31706</subfield>
    <subfield code="r">2023-08-17 14:55:22</subfield>
    <subfield code="w">2023-08-17</subfield>
    <subfield code="y">BK</subfield>
  </datafield>
  <datafield tag="952" ind1=" " ind2=" ">
    <subfield code="0">0</subfield>
    <subfield code="1">0</subfield>
    <subfield code="4">0</subfield>
    <subfield code="7">0</subfield>
    <subfield code="8">C</subfield>
    <subfield code="a">MCL</subfield>
    <subfield code="b">MCL</subfield>
    <subfield code="d">0000-00-00</subfield>
    <subfield code="g">625.00</subfield>
    <subfield code="i">742483</subfield>
    <subfield code="l">0</subfield>
    <subfield code="o">621.8 UI-T</subfield>
    <subfield code="p">31707</subfield>
    <subfield code="r">2023-08-17 14:55:22</subfield>
    <subfield code="w">2023-08-17</subfield>
    <subfield code="y">BK</subfield>
  </datafield>
  <datafield tag="952" ind1=" " ind2=" ">
    <subfield code="0">0</subfield>
    <subfield code="1">0</subfield>
    <subfield code="4">0</subfield>
    <subfield code="7">0</subfield>
    <subfield code="8">C</subfield>
    <subfield code="a">MCL</subfield>
    <subfield code="b">MCL</subfield>
    <subfield code="d">0000-00-00</subfield>
    <subfield code="g">625.00</subfield>
    <subfield code="i">742483</subfield>
    <subfield code="l">0</subfield>
    <subfield code="o">621.8 UI-T</subfield>
    <subfield code="p">31708</subfield>
    <subfield code="r">2023-08-17 14:55:22</subfield>
    <subfield code="w">2023-08-17</subfield>
    <subfield code="y">BK</subfield>
  </datafield>
  <datafield tag="952" ind1=" " ind2=" ">
    <subfield code="0">0</subfield>
    <subfield code="1">0</subfield>
    <subfield code="4">0</subfield>
    <subfield code="7">0</subfield>
    <subfield code="8">C</subfield>
    <subfield code="a">MCL</subfield>
    <subfield code="b">MCL</subfield>
    <subfield code="d">0000-00-00</subfield>
    <subfield code="g">625.00</subfield>
    <subfield code="i">742483</subfield>
    <subfield code="l">0</subfield>
    <subfield code="o">621.8 UI-T</subfield>
    <subfield code="p">31709</subfield>
    <subfield code="r">2023-08-17 14:55:22</subfield>
    <subfield code="w">2023-08-17</subfield>
    <subfield code="y">BK</subfield>
  </datafield>
  <datafield tag="952" ind1=" " ind2=" ">
    <subfield code="0">0</subfield>
    <subfield code="1">0</subfield>
    <subfield code="4">0</subfield>
    <subfield code="7">0</subfield>
    <subfield code="8">C</subfield>
    <subfield code="a">MCL</subfield>
    <subfield code="b">MCL</subfield>
    <subfield code="d">0000-00-00</subfield>
    <subfield code="g">625.00</subfield>
    <subfield code="i">742483</subfield>
    <subfield code="l">0</subfield>
    <subfield code="o">621.8 UI-T</subfield>
    <subfield code="p">31710</subfield>
    <subfield code="r">2023-08-17 14:55:22</subfield>
    <subfield code="w">2023-08-17</subfield>
    <subfield code="y">BK</subfield>
  </datafield>
  <datafield tag="952" ind1=" " ind2=" ">
    <subfield code="0">0</subfield>
    <subfield code="1">0</subfield>
    <subfield code="4">0</subfield>
    <subfield code="7">0</subfield>
    <subfield code="8">C</subfield>
    <subfield code="a">MCL</subfield>
    <subfield code="b">MCL</subfield>
    <subfield code="d">2043-08-09</subfield>
    <subfield code="e">Krishna Book Distributors</subfield>
    <subfield code="g">745.00</subfield>
    <subfield code="i">KBD/2017-2018/1019443059</subfield>
    <subfield code="l">0</subfield>
    <subfield code="o">621.8 UI-T</subfield>
    <subfield code="p">39664</subfield>
    <subfield code="r">2023-08-17 14:59:19</subfield>
    <subfield code="w">2023-08-17</subfield>
    <subfield code="y">BK</subfield>
  </datafield>
  <datafield tag="952" ind1=" " ind2=" ">
    <subfield code="0">0</subfield>
    <subfield code="1">0</subfield>
    <subfield code="4">0</subfield>
    <subfield code="7">0</subfield>
    <subfield code="8">C</subfield>
    <subfield code="a">MCL</subfield>
    <subfield code="b">MCL</subfield>
    <subfield code="d">2043-08-09</subfield>
    <subfield code="e">Krishna Book Distributors</subfield>
    <subfield code="g">745.00</subfield>
    <subfield code="i">KBD/2017-2018/1019443059</subfield>
    <subfield code="l">0</subfield>
    <subfield code="o">621.8 UI-T</subfield>
    <subfield code="p">39665</subfield>
    <subfield code="r">2023-08-17 14:59:19</subfield>
    <subfield code="w">2023-08-17</subfield>
    <subfield code="y">BK</subfield>
  </datafield>
  <datafield tag="952" ind1=" " ind2=" ">
    <subfield code="0">0</subfield>
    <subfield code="1">0</subfield>
    <subfield code="4">0</subfield>
    <subfield code="7">0</subfield>
    <subfield code="8">C</subfield>
    <subfield code="a">MCL</subfield>
    <subfield code="b">MCL</subfield>
    <subfield code="d">2043-08-09</subfield>
    <subfield code="e">Krishna Book Distributors</subfield>
    <subfield code="g">745.00</subfield>
    <subfield code="i">KBD/2017-2018/1019443059</subfield>
    <subfield code="l">0</subfield>
    <subfield code="o">621.8 UI-T</subfield>
    <subfield code="p">39666</subfield>
    <subfield code="r">2023-08-17 14:59:19</subfield>
    <subfield code="w">2023-08-17</subfield>
    <subfield code="y">BK</subfield>
  </datafield>
  <datafield tag="952" ind1=" " ind2=" ">
    <subfield code="0">0</subfield>
    <subfield code="1">0</subfield>
    <subfield code="4">0</subfield>
    <subfield code="7">0</subfield>
    <subfield code="8">C</subfield>
    <subfield code="a">MCL</subfield>
    <subfield code="b">MCL</subfield>
    <subfield code="d">2043-08-09</subfield>
    <subfield code="e">Krishna Book Distributors</subfield>
    <subfield code="g">745.00</subfield>
    <subfield code="i">KBD/2017-2018/1019443059</subfield>
    <subfield code="l">0</subfield>
    <subfield code="o">621.8 UI-T</subfield>
    <subfield code="p">39667</subfield>
    <subfield code="r">2023-08-17 14:59:19</subfield>
    <subfield code="w">2023-08-17</subfield>
    <subfield code="y">BK</subfield>
  </datafield>
  <datafield tag="952" ind1=" " ind2=" ">
    <subfield code="0">0</subfield>
    <subfield code="1">0</subfield>
    <subfield code="4">0</subfield>
    <subfield code="7">0</subfield>
    <subfield code="8">C</subfield>
    <subfield code="a">MCL</subfield>
    <subfield code="b">MCL</subfield>
    <subfield code="d">2043-08-09</subfield>
    <subfield code="e">Krishna Book Distributors</subfield>
    <subfield code="g">745.00</subfield>
    <subfield code="i">KBD/2017-2018/1019443059</subfield>
    <subfield code="l">0</subfield>
    <subfield code="o">621.8 UI-T</subfield>
    <subfield code="p">39668</subfield>
    <subfield code="r">2023-08-17 14:59:19</subfield>
    <subfield code="w">2023-08-17</subfield>
    <subfield code="y">BK</subfield>
  </datafield>
  <datafield tag="952" ind1=" " ind2=" ">
    <subfield code="0">0</subfield>
    <subfield code="1">0</subfield>
    <subfield code="4">0</subfield>
    <subfield code="7">0</subfield>
    <subfield code="8">C</subfield>
    <subfield code="a">MCL</subfield>
    <subfield code="b">MCL</subfield>
    <subfield code="d">2043-08-09</subfield>
    <subfield code="e">Krishna Book Distributors</subfield>
    <subfield code="g">745.00</subfield>
    <subfield code="i">KBD/2017-2018/1019443059</subfield>
    <subfield code="l">0</subfield>
    <subfield code="o">621.8 UI-T</subfield>
    <subfield code="p">39669</subfield>
    <subfield code="r">2023-08-17 14:59:19</subfield>
    <subfield code="w">2023-08-17</subfield>
    <subfield code="y">BK</subfield>
  </datafield>
  <datafield tag="999" ind1=" " ind2=" ">
    <subfield code="c">5895</subfield>
    <subfield code="d">5895</subfield>
  </datafield>
</record>
